Statistics for Cities With the Oldest Universities on Each Continent

Click here to take the quiz!

General Stats

  • This quiz has been taken 43 times
  • The average score is 15 of 36

Answer Stats

ContinentYear Est.Answer% Correct
Europe1200-1214University of Oxford, Oxford
93%
North America1636Harvard University, Boston
90%
Europe1209-1225University of Cambridge, Cambridge
88%
South America1551National University of San Marcos, Lima
83%
Oceania1853University of Melbourne, Melbourne
83%
Oceania1850University of Sydney, Sydney
83%
South America1623Pontificia Universidad Javeriana, Bogota
75%
South America1580Saint Thomas Aquinas University, Bogota
75%
Africa1908Cairo University, Cairo
73%
Oceania1883University of Auckland, Auckland
73%
Europe1180-1190University of Bologna, Bologna
73%
Oceania1874University of Adelaide, Adelaide
68%
Africa1873University of South Africa, Cape Town
63%
Africa1909University of Algiers, Algiers
53%
North America1701Yale University, New Haven
53%
Asia1857University of Mumbai, Mumbai
40%
Oceania1873University of Canterbury, Christchurch
38%
South America1613National University of Córdoba, Cordoba
30%
Asia1857University of Calcutta, Kolkata
30%
Asia1857University of Madras, Chennai
25%
Europe1224University of Naples Federico II, Naples
25%
Asia1645University of Santo Tomas, Manila
25%
North America1538/1558University of Santo Domingo, Santo Domingo
23%
Europe1218-1219University of Salamanca, Salamanca
18%
North America1728University of Havana, Havana
15%
Asia1866American University of Beirut, Beirut
13%
North America1693College of William & Mary, Williamsburg
13%
South America1624University of San Francisco Xavier, Sucre
13%
Africa1902University of Khartoum, Khartoum
10%
Oceania1869University of Otago, Dunedin
10%
Europe1222University of Padua, Padua
10%
North America1676University of San Carlos of Guatemala, Guatemala City
8%
Africa1876University of Sierra Leone, Freetown
8%
Africa1922Makerere University, Kampala
0%
South America1677San Cristóbal of Huamanga University, Ayacucho
0%
Asia1827Serampore College, Serampore
0%

Score Distribution

Percentile by Number Answered

Percent of People with Each Score

Your Score History

You have not taken this quiz